| 000 | 00628cam a2200229 4500500 | ||
|---|---|---|---|
| 005 | 20260405003659.0 | ||
| 041 | _afre | ||
| 042 | _adc | ||
| 100 | 1 | 0 |
_aDurand, Jean-Marie _eauthor |
| 245 | 0 | 0 | _aLe Suicide de l’espèce |
| 260 | _c2023. | ||
| 500 | _a10 | ||
| 690 | _aBiopouvoir | ||
| 690 | _aCancer | ||
| 690 | _aExtinction | ||
| 690 | _aMort | ||
| 690 | _apollution | ||
| 690 | _aSanté | ||
| 690 | _aSuicide | ||
| 786 | 0 | _nPhilosophie magazine | 168 | 4 | 2023-04-01 | p. 67-67 | 1951-1787 | |
| 856 | 4 | 1 | _uhttps://shs.cairn.info/magazine-philosophie-magazine-2023-4-page-67?lang=fr&redirect-ssocas=7080 |
| 999 |
_c2069815 _d2069815 |
||